000 01028nam a2200277Ia 4500
003 OSt
005 20220923211238.0
006 a|||||r|||| 00| 0
007 ta
008 220922b |||||||| |||| 00| 0 san d
020 _a9788174532862 (hbk)
_c250
024 _a349,300
037 _b253, 28/01/2019, Eastern Book Linkers
_cTextual
040 _aARTS
_cARTS
_bsan
041 _2san
_asan
082 _aO15,2v, 152Q8
100 _aविकास सिंह, ले.
_9156363
245 0 _aनाटकीय पारिभाषिक शब्दावली
246 _aNāṭakīya pāribhāṣhik shabdāvalī
260 _aनई दिल्ली
_b संजय प्रकाशन
_c2018
300 _a87पृ0
_ccm.
650 _a संस्कृत नाटक
_9160013
650 _aसंस्कृत साहित्य
942 _hO15,2v, 152Q8
_cTEXL
_2CC
999 _c297586
_d297586